000 00698nam a2200229 i 4500
001 13101
003 ES-MaACL
005 20250825073721.0
007 t|
008 971202s1996 sp f |||| | spa d
020 _a84-376-1463-5
080 _a070.42
100 1 _aLópez García, Ángel,
_d1949-
_9149158
245 1 0 _aEscritura e información
_b: la estructura del lenguaje periodístico /
_cAngel López García.
260 _aMadrid :
_bCátedra,
_cD.L. 1996.
300 _a252 p. ;
_c21 cm.
490 1 _aSigno e imagen ;
_v43
650 7 _aPeriodismo
_2embne
_915943
830 0 _aSigno e imagen ;
_v43
_9178598
852 _aES-MaACL
_jL-20390
999 _c13101
_d13101